000 00375nam a2200169Ia 4500
001 27783
003 IN-NITTTR
005 20251114233345.0
008 251113s9999||||xx |||||||||||||| ||eng||
040 _beng
040 _cIN-NITTTR
041 _aeng
082 _a891.43301 A61
100 _aArora, Sudha
245 0 _aAurat ki kahani /
_cArora, Sudha
942 _2ddc
_cBK
999 _c30411
_d30411